Nobelovu cenu udelia už po stý raz Alfred Nobel venoval svoj život vede a v testamente ...

Bibliographic Details
Main Author: Polakovič, Alexander (Author)
Format: Article
Language:Slovak
PhysicalDescription:Fotogr.
Subjects:

MARC

LEADER 00000nab a2200000 a 4500
001 vtls000779021
003 SK-MaSNL
005 20260302152545.0
008 160321c2001 xo 0 slo
015 |a SNBRB2002/01-00706 
035 |a CLN000130792 
040 |a SNKBUCL  |b slo  |c SNKBUCL  |e AACR2 
041 0 |a slo 
044 |a xo  |c SK 
080 |a 54-051  |2 UDC-MRF-SK2 
080 |a 608.1-051  |2 UDC-MRF-SK2 
080 |a 929 Nobel, Alfred Bernhard  |2 UDC-MRF-SK2 
080 |a 06.068Nobel  |2 UDC-MRF-SK2 
100 1 |a Polakovič, Alexander  |4 aut  |9 272819 
245 1 0 |a Nobelovu cenu udelia už po stý raz  |b Alfred Nobel venoval svoj život vede a v testamente ...  |c Alexander Polakovič 
300 |b Fotogr. 
600 1 7 |a Nobel, Alfred,  |d 1833-1896  |2 snkbucl  |9 156007 
650 0 7 |a Nobelova cena (ocenenie)  |2 snkbucl  |9 253043 
655 7 |a články z novín a časopisov  |2 snkbucl  |9 267496 
773 0 |t Národná obroda  |g Roč. 12, č. 282 (8.12.2001) 
773 0 |t [Príl.] Víkend  |g S. VII 
850 |a Slovenská národná knižnica v Martine 
852 |a SNK  |b KIS3GCP 
958 |a SE 
958 |a BC 
958 |a RBX 
999 |c 1362949  |d 1364879